01618nam a22002657a 4500003000900000005001700009007000300026008003700029020001800066040002500084041000800109082003000117100004900147245011100196250001200307260004200319300002200361500007200383500003400455504003400489505067500523651005001198651005101248651005301299DO-SdBNP20240305121802.0ta210702e 2018 dr gr 00| e spa d a9789945899641 aDO-SdBNPbspacBNPHU hspa 4a342.7293bV156d, 20182221 aValentín Jiminían, Julio César,d1966-10aDimensiones liberales y progresistas de la constitución de 1963 / cJulio César Valentín Jiminián. a2a. ed. aSanto Domingo :bAlfa y Omega,c2018. a311 p. ; c23 cm. aIncluye datos biográficos del autor en la solapa de la cubierta  aIncluye índice onomástico aBibliografía : p. 197 - 2110 tDedicatoria.--tJulio César Valentín y la Constitución de Bosch.--tNotas del autor.--tA modo de introducción.--tI. Liberalismo, Constitución y progreso.--tII. Notas dominantes del constitucionalismo dominicano.--tIII. Aspiraciones liberales y progresistas del triunfo de Bosch.--tIV. Matices progresistas de la Carta Magna de 1963. De los enunciados a los hechos concretos. Constitucionalismo social y otros contenidos progresistas: manzana de la discordia. El trabajo, los trabajadores y los excluidos. La familia, la educación y la salud. La propiedad y la economía social. tV. Legado democrático e histórico del constitucionalismo de 1963.-- 4aRepública DominicanaxConstitución (1963) 4aRepública DominicanaxDerecho constitucional 4aRepública DominicanaxHistoria constitucional